|
|
|
|
| LEADER |
02306nam a2200457 a 4500 |
| 001 |
c000169530 |
| 003 |
CARM |
| 005 |
19940217000000.0 |
| 008 |
780418s1978 nyu bi 001 0 eng |
| 010 |
|
|
|a 78008188 /MN
|
| 019 |
1 |
|
|a 1181264
|5 LACONCORD2021
|
| 020 |
|
|
|a 0873953835
|
| 035 |
|
|
|a (OCoLC)3869315
|5 LACONCORD2021
|
| 040 |
|
|
|a LC
|b eng
|c LC
|d VMOU
|
| 043 |
|
|
|a e-yu---
|
| 050 |
0 |
0 |
|a ML3590
|b .B32
|
| 082 |
0 |
4 |
|a 784.4/9497
|
| 100 |
1 |
|
|a Bartók, Béla,
|d 1881-1945.
|
| 245 |
1 |
0 |
|a Yugoslav folk music /
|c by Béla Bartók and Albert B. Lord ; edited by Benjamin Suchoff ; with a foreword by George Herzog.
|
| 260 |
|
|
|a Albany, N.Y. :
|b State University of New York Press,
|c 1978.
|
| 300 |
|
|
|a 4 v.
|
| 490 |
1 |
|
|a New York Bartók Archive studies in musicology ; no. 9.
|
| 500 |
|
|
|a Vol. 1 originally published in 1951 by Columbia University Press, New York, which was issued as no. 7 of its Studies in musicology.
|
| 504 |
|
|
|a Includes bibliographies and indexes.
|
| 505 |
0 |
|
|a v. 1. Serbo-Croatian folk songs and instrumental pieces from the Milman Parry collection -- v. 2. Tabulation of material -- v. 3-4. Source materials.
|
| 650 |
|
0 |
|a Folk songs
|z Yugoslavia
|x History and criticism.
|
| 650 |
|
0 |
|a Folk songs, Serbo-Croatian
|x History and criticism.
|
| 700 |
1 |
|
|a Suchoff, Benjamin.
|
| 700 |
1 |
|
|a Lord, Albert B.
|q (Albert Bates),
|e joint author.
|
| 700 |
1 |
|
|a Herzog, George,
|d 1901-
|
| 810 |
2 |
|
|a Béla Bartók Archives.
|t Studies in musicology ;
|v no. 9.
|
| 830 |
|
0 |
|a Columbia University studies in musicology ;
|v no. 7.
|
| 852 |
8 |
|
|b CARM
|h A2:AN32F0
|i C06091
|p 0236120
|f BK
|
| 852 |
8 |
|
|b CARM
|h A2:AN32F0
|i C06091
|p 0236121
|f BK
|
| 852 |
8 |
|
|b CARM
|h A2:AN32F0
|i C06091
|p 0236122
|f BK
|
| 852 |
8 |
|
|b CARM
|h A2:AN32F0
|i C06091
|p 0236123
|f BK
|
| 999 |
f |
f |
|i 063fa4c5-9dd4-5cb9-aeff-e140390321fb
|s ef1b437c-ad9e-5113-aa1e-6dfbfc99930d
|
| 952 |
f |
f |
|p Can circulate
|a CAVAL
|b CAVAL
|c CAVAL
|d CARM 1 Store
|e C06091
|f A2:AN32F0
|h Other scheme
|i book
|j v.4
|m 0236123
|
| 952 |
f |
f |
|p Can circulate
|a CAVAL
|b CAVAL
|c CAVAL
|d CARM 1 Store
|e C06091
|f A2:AN32F0
|h Other scheme
|i book
|j v.1
|m 0236120
|
| 952 |
f |
f |
|p Can circulate
|a CAVAL
|b CAVAL
|c CAVAL
|d CARM 1 Store
|e C06091
|f A2:AN32F0
|h Other scheme
|i book
|j v.2
|m 0236121
|
| 952 |
f |
f |
|p Can circulate
|a CAVAL
|b CAVAL
|c CAVAL
|d CARM 1 Store
|e C06091
|f A2:AN32F0
|h Other scheme
|i book
|j v.3
|m 0236122
|